00251nam a22000857a 4500082001200000100003100012245005400043260004800097300002000145 a343.057 aChaudhary, Khursheed Ahmed aManual of Stamp Laws /cKhursheed Ahmed Chaudhary aLahore :bPakistan Legal Publishers,c2019. a432 p. ;c24cm.